000 00457ntaaa2200181 4500
003 01
005 20251027202838.0
008 0714s1973 ag 01
040 _aAR-BaBN
_bspa
_cAR-BaBN
_eaacr
_dRIC
082 _a268.6370 B43
100 _aBennett, E. Lansing
_929037
245 _aFifty object talks
250 _a1 ed.
260 _aWestwood, N.J. :
_bFleming H Revell Company,
_cc1952
300 _a159 p
650 _alecciones objetivas
942 _cBK
999 _c23827
_d23827